LEADER 02604nam 22007693u 450 001 9910698532403321 005 20210108101124.0 010 $a1-882593-72-3 010 $a1-4616-2342-1 035 $a(CKB)2550000001102541 035 $a(EBL)1214094 035 $a(OCoLC)847133982 035 $a(SSID)ssj0000991850 035 $a(PQKBManifestationID)11571585 035 $a(PQKBTitleCode)TC0000991850 035 $a(PQKBWorkID)10928138 035 $a(PQKB)10524819 035 $a(MiAaPQ)EBC1214094 035 $a(Au-PeEL)EBL1214094 035 $a(CaONFJC)MIL494901 035 $a(OCoLC)263068806 035 $a(EXLCZ)992550000001102541 100 $a20140127d2003|||| u|| | 101 0 $aeng 135 $aur|n|---||||| 181 $ctxt 182 $cc 183 $acr 200 14$aThe Cost of Doing Business $eA Novel 205 $a1st ed. 210 $aLanham $cBridgeworks$d2003 210 1$aWashington, D.C. :$cU.S. Army Corps of Engineers,$d[1992] 215 $a1 online resource (184 p.) 225 1 $aEP ;$v37-1-4 300 $aDescription based upon print version of record. 311 08$a1-882593-42-1 311 08$a1-299-63651-9 327 $aCover; Title Page; Copyright Page; Dedication Page; Part I; 1.One; 2.Two; 3.Three; 4.Four; Part II; 5.Five; 6.Six; Part III; 7.Seven; 8.Eight; Part IV; 9.Nine; 10.Ten; 11.Eleven; 12.Twelve; 13.Thirteen; Part V; 14.Fourteen; 15.Fifteen 330 $aTarlton writes of the adventures, discoveries and triumphs of a contemporary woman struggling to balance work and home responsibilities. 517 $aCost of Doing Business 517 $aCost of Doing Business : A Novel 517 $aCost of Doing Business, The 606 $aPetroleum industry and trade$vFiction 606 $aWomen oil industry workers$vFiction 606 $aMothers and sons$vFiction 606 $aDivorced mothers$vFiction 606 $aGrandfathers$vFiction 606 $aEnglish$2HILCC 606 $aLanguages & Literatures$2HILCC 606 $aAmerican Literature$2HILCC 615 0$aPetroleum industry and trade 615 0$aWomen oil industry workers 615 0$aMothers and sons 615 0$aDivorced mothers 615 0$aGrandfathers 615 7$aEnglish 615 7$aLanguages & Literatures 615 7$aAmerican Literature 676 $a813/.54 700 $aTarlton$b John S$01351455 801 0$bAU-PeEL 801 1$bAU-PeEL 801 2$bAU-PeEL 906 $aBOOK 912 $a9910698532403321 996 $aThe Cost of Doing Business$93109191 997 $aUNINA